000 01572nam a22002777a 4500
999 _c63139
_d63139
003 Ge_BSU
005 20250611152248.0
008 250611s2025 ge ||||| |||| 00| 0 geo d
020 _a9789941362514
041 _ageo
080 _a330.8 ჰ-40
100 _aჰეინე, პოლ
_925374
245 _aეკონომიკური აზროვნების წესი /
_cპოლ ჰეინე, პ. ჯ. ბოეტკე, ლ. პ. დეივიდ; მთავ.რედ. ა. სილაგაძე; რედ.: ვ. პაპავა, მ. ჯიბუტი, გ. ღაღანიძე და სხვ.; მთარგმნ. გ. ბენაშვილი, თ. გვენეტაძე და სხვ.
250 _aმე-13 გამოცემა
264 _aთბილისი :
_bთსუ,
_c2025.
300 _a429 გვ.;
_b27 სმ.
700 _aბოეტკე, პ. ჯ.
_eავტორი
_925375
700 _aპრიჩიტკო, დ. ლ.
_eავტორი
_925376
700 _aსილაგაძე, ა.
_eმთ. რედ.
_92410
700 _aპაპავა ვლ.
_eრედაქტორი
_94553
700 _aჯიბუტი, მ.
_eრედაქტორი
_920466
700 _aღაღანიძე, გ.
_eრედაქტორი
_95356
700 _aბენაშვილი, გ.
_eმთარგმნელი
_910211
700 _aგვენეტაძე, თ.
_eმთარგმნელი
_925377
942 _2udc
_cᲬᲘᲒᲜᲘ